000
00216nmm a2200085Ia 4500
008
220120s9999||||xx |||||||||||||||||und||
100
_a
PCQ
245
0
_a
CBC Data recovery, R-studio 3.6,Salvage recovery
260
_c
2007
999
_c
138501
_d
138501